OSC Building Services Limited v Interior Dimensions Contracts Limited (Record no. 81429)
[ view plain ]
| 000 -LEADER | |
|---|---|
| fixed length control field | 02012cad a22002415a 4500 |
| 001 - CONTROL NUMBER | |
| control field | L147202 |
| 008 - FIXED-LENGTH DATA ELEMENTS--GENERAL INFORMATION | |
| fixed length control field | 090415e20090108xxk f v 000 0 eng d |
| 035 ## - SYSTEM CONTROL NUMBER | |
| System control number | (Sirsi) u147202 |
| 041 0# - LANGUAGE CODE | |
| Language code of text/sound track or separate title | eng |
| 245 04 - TITLE STATEMENT | |
| Title | OSC Building Services Limited v Interior Dimensions Contracts Limited |
| Medium | [electronic resource] |
| 260 ## - PUBLICATION, DISTRIBUTION, ETC. | |
| Date of publication, distribution, etc. | 2009 |
| 520 ## - SUMMARY, ETC. | |
| Summary, etc. | [2009] EWHC 248 (TCC), 08 January 2009. The case considers whether an adjudicator can decide the value of an interim payment when the notice of adjudication refers to a dispute about a final account payment. Interior Dimensions Contract Limited (D), main contractor, engaged OSC Building Services Limited (O) to carry out drainage and site access works. Upon completion, O sent an application for payment entitled "Draft final account". D disagreed on the amount and referred the case to adjudication. The adjudicator ordered D to pay a lump sum. The case went to court, where D argued that this money could not be paid because the adjudicator considered the case as an interim account dispute. "Held": The judge concluded that the dispute was about the disagreement on the amount to be paid. The judge decided that the dispute referred was not a final account. The adjudicator was entitled to decide the sum of the interim payment despite the wording of the adjudication notice. |
| 590 ## - LOCAL NOTE (RLIN) | |
| Local note | KA |
| 650 24 - SUBJECT ADDED ENTRY--TOPICAL TERM | |
| Topical term or geographic name entry element | OSC BUILDING SERVICES LIMITED V INTERIOR DIMENSIONS CONTRACTS LIMITED |
| 650 24 - SUBJECT ADDED ENTRY--TOPICAL TERM | |
| Topical term or geographic name entry element | NORDOT ENGINEERING SERVICES LTD V SIEMANS PLC |
| 650 24 - SUBJECT ADDED ENTRY--TOPICAL TERM | |
| Topical term or geographic name entry element | WESTMINSTER CHEMICALS AND PRODUCE LTD V EICHOLZ AND LOESER |
| 650 24 - SUBJECT ADDED ENTRY--TOPICAL TERM | |
| Topical term or geographic name entry element | PROJECT CONSULTANCY GROUP V TRUSTEES OF THE GRAY TRUST |
| 650 24 - SUBJECT ADDED ENTRY--TOPICAL TERM | |
| Topical term or geographic name entry element | THOMAS-FREDRIC'S (CONSTRUCTION) LTD V WILSON |
| 651 #4 - SUBJECT ADDED ENTRY--GEOGRAPHIC NAME | |
| Geographic name | England and Wales |
| Chronological subdivision | 1543- |
| 690 ## - LOCAL SUBJECT ADDED ENTRY--TOPICAL TERM (OCLC, RLIN) | |
| Topical term or geographic name as entry element | MANAGEMENT-DISPUTE AVOIDANCE, MANAGEMENT AND RESOLUTION-DISPUTE MANAGEMENT AND RESOLUTION-ALTERNATIVE DISPUTE RESOLUTION-ADJUDICATION |
| 856 40 - ELECTRONIC LOCATION AND ACCESS | |
| Uniform Resource Identifier | <a href="https://www.bailii.org/ew/cases/EWHC/TCC/2009/248.html">https://www.bailii.org/ew/cases/EWHC/TCC/2009/248.html</a> |
| Public note | View the case free of charge at www.bailli.org... |
| 942 ## - ADDED ENTRY ELEMENTS (KOHA) | |
| Suppress in OPAC | 0 |
| Withdrawn status | Lost status | Source of classification or shelving scheme | Damaged status | Not for loan | Home library | Current library | Shelving location | Date acquired | Total Checkouts | Full call number | Barcode | Date last seen | Copy number | Price effective from | Koha item type |
|---|---|---|---|---|---|---|---|---|---|---|---|---|---|---|---|
| Dewey Decimal Classification | Virtual | Virtual | Online | 15/04/2009 | ONLINE JUDGMENT | 147202-2001 | 06/08/2019 | 1 | 06/08/2019 | Law report |